| 000 | 01484nam a2200325 c 4500 | ||
|---|---|---|---|
| 003 | BLK | ||
| 005 | 20180422120644.0 | ||
| 008 | 180411b bul|||||r ||||||| ||bul|| | ||
| 010 | _aKNG00213874000 | ||
| 040 | _aBLK | ||
| 041 |
_aBUL _cBUL |
||
| 080 |
_aАмериканска литература (на САЩ) _b821.111(73) _x-1 _z821.111(73)-1 |
||
| 100 | 1 |
_aНеш, Огдън _eпърви автор _9102078 |
|
| 700 | 1 |
_aNash, Ogden _e* _9350342 |
|
| 700 | 1 |
_aМашев, Красимир _eпрев. от англ. _9375701 |
|
| 700 | 1 |
_aНиколчина, Миглена Илиева _eпрев. от англ. _9365381 |
|
| 700 | 1 |
_aБелев, Георги _eподб. и предг. _9377841 |
|
| 139 |
_aНеш, Огдън _bН 64 |
||
| 245 | 1 | 0 |
_a1-1=2 _bСб. стихотворения _cОгдън Неш; * Ogden Nash; прев. от англ. Красимир Машев; прев. от англ. Миглена Илиева Николчина; подб. и предг. Георги Белев. |
| 257 | _aUSA | ||
| 260 |
_аСофия _bНар. култура _c1989 _fВраца : В. Александров |
||
| 300 |
_a88 с. _bс ил. |
||
| 380 | _aX | ||
| 500 | _aПрев. е направен от A penny saved is imposaible / Ogden Nash. - Без тир. - (Подв.) : 1,08 лв. | ||
| 852 | _aЦб 155956 | ||
| 856 | 4 |
_qpdf _u |
|
| 856 | 4 |
_qpdf _u |
|
| 942 |
_cKNG _n0 |
||
| 944 |
_aCR _c30.10.2017 _kРадостина_Карадакова |
||
| 944 |
_aED _c30.10.2017 _kРадостина_Карадакова |
||
| 999 |
_c204317 _d204317 |
||